Online
Catalog
Normal view MARC view

Entry Nombre geográfico

Number of records used in: 12

001 - NÚMERO DE CONTROL

  • campo de control: 35348

003 - IDENTIFICADOR DEL NÚMERO DE CONTROL

  • campo de control: OSt

005 - FECHA Y HORA DE LA ÚLTIMA TRANSACCIÓN

  • campo de control: 20200615033500.0

008 - DATOS DE LONGITUD FIJA

  • campo de control de longitud fija: 200615|| aca||aabn | a|a d

040 ## - FUENTE DE LA CATALOGACIÓN

  • Centro catalogador/agencia de origen: OSt
  • Centro/agencia transcriptor: OSt

151 ## - ENCABEZAMIENTO--NOMBRE GEOGRÁFICO

  • Nombre geográfico: REPÚBLICA DOMINICANA
  • Subdivisión general: CONSTITUCIÓN (1994)

670 ## - FUENTE DE DATOS ENCONTRADOS

  • Cita de la fuente: Work cat.: (OSt)15235: República Dominicana. 447, Constitución de la República Dominicana 1994 :, 2000.

Powered by Koha